000 00839nam a22002057a 4500
003 BUBTL
008 230604b ||||| |||| 00| 0 eng d
020 _a9789843492043
082 _a345.056/ Ah52t/ 2020
100 _95322
_aআহমেদ, এম আলী
245 _aটেকনিক অব বেইল সাবমিশন :
_b(ফৌজদারি ও দেওয়ানি মামলা) /
_cএম আলী আহমেদ
250 _a1st ed.
260 _aঢাকা :
_bজুডিকেচার পাবলিকেশন,
_cc2020
300 _a511 p.:
_c24 cm.
505 _aটেকনিক অব বেইল সাবমিশন, এম আলী আহমেদ, Law
650 0 _926
_aLaw
856 _k0
_l0
_yDownload
942 _2ddc
_cBK
999 _c7051
_d7051